000 00913cam a2200301 a 4500
999 _c8859
_d8859
001 8859
003 BD-JhCC
005 20180305104108.0
008 690307s1968 enka 001 0 eng
020 _a029817491X
035 _a(BD-JhCC)8859
035 _a2598411
040 _aLC
_cLC
_dVU
_dBD-JhCC
041 1 _aengger
050 0 0 _aQH308
_b.B6663 1968b
082 0 4 _a574
_bBOG 1968
100 1 _aBogen, Hans Joachim,
_d1912-
240 1 0 _aKnaurs Buch der modernen Biologie.
245 1 0 _aModern biology;
_cwith a foreword by Adolf Butenandt; translated from the German by Harold Oldroyd.
260 _aLondon,
_bWeidenfeld & Nicolson,
_c1968.
300 _a336 p.
_billus. (some col.)
_c23 cm.
490 1 _aModern science series
500 _aTranslation of Knaurs Buch der modernen Biologie.
650 0 _aBiology.
830 0 _aModern science series.
942 _2ddc
_cBK